Analýza vybraných rizikových skupín na trhu práce

Analýza faktorov, ktoré sú považované za významné v súvislosti s rizikom nezamestnanosti. Tieto faktory, sú založené na publikáciách a slúžia ako vstup pre logistickú regresiu. Popisná štatistika rizikových skupín na trhu práce na základe databázy EU-SILC. Analýza faktorov, ako pohlavie, vek, najvyš...

Ausführliche Beschreibung

Gespeichert in:
Bibliographische Detailangaben
1. Verfasser: Tartaľová, Alena
Format: Buchkapitel
Sprache:Slowakisch
Schlagworte:
Tags: Tag hinzufügen
Keine Tags, Fügen Sie das erste Tag hinzu!

MARC

LEADER 00000naa a2200000 4500
001 0210268
005 20220426120701.7
041 0 |a slo 
044 |a SK 
245 1 0 |a Analýza vybraných rizikových skupín na trhu práce  |c Alena Tartaľová 
520 |a Analýza faktorov, ktoré sú považované za významné v súvislosti s rizikom nezamestnanosti. Tieto faktory, sú založené na publikáciách a slúžia ako vstup pre logistickú regresiu. Popisná štatistika rizikových skupín na trhu práce na základe databázy EU-SILC. Analýza faktorov, ako pohlavie, vek, najvyššia dosiahnutá úroveň vzdelania, typ domácnosti a zdravotný stav. 
610 2 0 |a politika zamestnanosti 
610 2 0 |a trh práce 
610 2 0 |a analýza regresná 
610 2 0 |a nezamestnanosť 
100 1 |a Tartaľová, Alena